| 000 | 00457nam a2200205Ia 4500 | ||
|---|---|---|---|
| 001 | 11624 | ||
| 003 | GE_BSU | ||
| 008 | 181216s||||||||xx |||||||||||||| ||und|| | ||
| 020 | _a0330368206 | ||
| 040 | _cGE_BSU | ||
| 080 | _a821.111-32 | ||
| 100 | _aBlackman,Maloria. | ||
| 245 | _aTell me no lies. | ||
| 260 | _aLondon | ||
| 260 | _bMacmillan children's books. | ||
| 260 | _c1999. | ||
| 300 | _a197p;20cm. | ||
| 653 | _aTell me no lies. | ||
| 942 | _cBK | ||
| 999 |
_c44819 _d44819 |
||